Separát štatistickej ročenky školstva SSR 1989 Súhrnné tabuľky

Saved in:
Bibliographic Details
Format: Book
Language:Slovak
Published: Bratislava Ústav informácií a prognóz školstva, mládeže a telovýchovy 1990
Subjects:
Tags: Add Tag
No Tags, Be the first to tag this record!

MARC

LEADER 00000nam a2200000 4500
001 c034004
005 20251212083928.9
041 0 |a slo 
044 |a SK 
245 1 0 |a Separát štatistickej ročenky školstva SSR 1989  |b Súhrnné tabuľky 
264 1 |a Bratislava  |b Ústav informácií a prognóz školstva, mládeže a telovýchovy  |c 1990 
300 |a 6 zošitov 
610 2 0 |a Slovensko 
610 2 0 |a školstvo 
610 2 0 |a vzdelávanie